[Event "Bundesliga 0708"]
[Site "Germany"]
[Date "2007.11.30"]
[Round "7.6"]
[White "Babula, Vlastimil"]
[Black "Heinemann, Thies"]
[Result "1-0"]
[WhiteElo "2596"]
[BlackElo "2478"]
[Annotator "Babula/Meyer,CD"]
[PlyCount "101"]
[EventDate "2007.10.20"]
[EventType "team-tourn"]
[EventRounds "15"]
[EventCountry "GER"]
[SourceTitle "CBM 123"]
[Source "ChessBase"]
[SourceDate "2008.04.02"]
[SourceVersion "1"]
[SourceVersionDate "2008.04.02"]
[SourceQuality "1"]
[WhiteTeam "Werder Bremen"]
[BlackTeam "Hamburger SK"]
[WhiteTeamCountry "GER"]
[BlackTeamCountry "GER"]

1. d4 Nf6 2. c4 e6 3. Nf3 b6 4. a3 Ba6 5. Qc2 Bb7 6. Nc3 c5 7. e4 cxd4 8. Nxd4
Bc5 9. Nb3 Nc6 10. Bf4 ({The current main line in this variation of the
Queen's Indian/Petrosian-System goes} 10. Bg5 h6 11. Bh4 Nd4 12. Nxd4 Bxd4 13.
Bd3 Qb8 14. Bg3 Be5 $13 {ECO (E2)}) 10... O-O 11. Rd1 e5 {Weakens the d5
square but controls d4} 12. Bg5 Nd4 13. Nxd4 Bxd4 14. Bd3 h6 15. Bh4 a5 {
Black secures the c5 square for his bishop. Other attempts, e.g.:} ({I} 15...
Bxc3+ 16. Qxc3 d6 17. Bxf6 Qxf6 18. O-O Qg5 19. f3 Rac8 20. Qd2 Qxd2 21. Rxd2
Rfd8 22. Rfd1 Kf8 23. Kf2 Ke7 24. g3 Rc7 25. a4 Bc8 26. Ra1 Be6 27. b3 a5 28.
h4 h5 29. f4 g6 30. Rad1 Rc5 31. Ke3 Bg4 32. Be2 Be6 33. Bd3 Bg4 34. Be2 Be6 {
1/2-1/2, Jaracz,P (2492)-Berg,E (2540), Stockholm 2006}) ({II} 15... a6 16. O-O
Rc8 17. Ne2 Bc5 18. b4 Be7 19. f3 b5 20. Qb3 Qb6+ 21. c5 Qc7 22. Bb1 Rcd8 23.
Ng3 d6 24. cxd6 Rxd6 25. Rxd6 Qxd6 26. Nf5 Qc7 27. Qc2 Bd8 28. Nxh6+ Kh7 29.
Nf5 Qxc2 30. Bxc2 {1-0/64, Farago,I (2526)-Szabo,K (2447), Budapest 2006}) ({
III Too optimistic is} 15... g5 16. Bg3 Bxc3+ 17. Qxc3 Nxe4 {due to} 18. Bxe4
Bxe4 19. f3 {along with 20.Bxe5}) 16. O-O Qe7 {The arising position is
complicated, both sides have their trumps.} 17. Kh1 (17. Ne2 Bc5 18. Ng3 Qe6 (
18... g6 19. Qd2 (19. Kh1 Qe6 20. Ne2 Nh5 21. f3) 19... Kg7 20. b4 axb4 21.
axb4 Bxb4 22. Bxf6+ Kxf6 23. Qxh6 Rh8 24. Nh5+ Ke6 25. Ng7+ Kf6 (25... Kd6 $4
26. Nf5+ Ke6 27. Qxh8 Rxh8 28. Nxe7) 26. Nh5+ $11) 19. Nf5 $13) 17... g5 ({
Gets rid of the pin but weakens his kingside, especially the f5 square.} 17...
Rac8 18. f3 (18. f4 $2 exf4) 18... Bc6 $13) 18. Bg3 Nh5 19. Nb5 Bc5 20. Be2 (
20. Nc7 Rac8 21. Nd5 Bxd5 22. exd5 $13) 20... Nf6 (20... Nf4 21. Bg4 $2 (21.
Rfe1) (21. Bf3) 21... f5 $1 22. Bxf5 Rxf5 23. exf5 Nxg2 $1) 21. f3 Bc6 $2 (
21... Nh5 22. Bf2 Bc6 23. Bxc5 bxc5 24. Nd6 Ng7 $13) 22. Nc3 $2 ({Both players
overlooked the simple} 22. Qc3 $1 {gaining the e5 pawn, since protecting it
with 22...Rf(a)-e8 fails to 23.Nc7 resp. 22...d6 fails to 23.b4.}) 22... Nh5
23. Bf2 Nf4 24. Bd3 Kh8 25. Qd2 Rg8 26. Bc2 a4 27. Rde1 ({With the idea of
Qd2-d1 attacking the a4 pawn, but better was} 27. Nd5) 27... Bxf2 28. Rxf2 Qc5
29. Nd5 {In regard to the weak c4 pawn this knight jump is almost forced.} Qa5
$6 ({This inaccuracy allows White to transfer his knight to the ideal f5 (or
d6) square. Alternatives: I} 29... Ne6 {best} 30. Ne3 (30. g3 Nd4) 30... Nd4
31. Nf5 Nxf5 32. exf5 $13) ({II} 29... Bxd5 $6 30. cxd5 (30. exd5)) 30. Ne7
Qxd2 (30... Rge8 31. Nf5 Kh7 32. g3 Qxd2 33. Rxd2 {transposes to the game}) 31.
Rxd2 Rge8 32. Nf5 Kh7 33. g3 $14 Ne6 34. h4 $1 {White starts activities
against Black's weakened kingside.} Ng7 $6 ({This premature knight retreat is
the reason for Black's difficulties. Alternatives: I} 34... gxh4 {, e.g.} 35.
Rh2 Ng7 36. Nxh4 (36. Kg2 $6 Nxf5 37. exf5 hxg3 38. Kxg3 Kg7 39. Kf2 f6 40.
Rg1+ Kf7 41. Rxh6 Rh8 $11) 36... Rab8 37. Rd1 b5 38. cxb5 Bxb5 39. b3 axb3 40.
Bxb3 $14) ({II} 34... Kg6 {, e.g.} 35. Kg2 gxh4 36. Nxh4+ Kf6 37. Nf5 h5 38.
Kf2 Rh8 39. Ke3 $14) 35. Nd6 $1 Rf8 ({The rook must stay on the 8th rank.} 
35... Re7 $2 36. hxg5 hxg5 37. Rh2+ Kg6 38. Kg2 Re6 39. Nf5 $18 {with a mating
attack on the h-file}) 36. hxg5 hxg5 37. f4 $5 {Opens lines at the king's wing.
} (37. Rh2+ {gives away a tempo for the king's escape, e.g.} Kg6 (37... Kg8 $2
38. Kg2 Rfb8 39. Rh6 Kf8 40. Nf5 $18) 38. f4 (38. Kg2 Rh8 39. Reh1 Rxh2+ 40.
Rxh2 Kf6) 38... gxf4 39. gxf4 Kf6) 37... exf4 (37... Kg8 $6 38. Kg1 (38. Rh2 f5
$5) (38. fxg5 Ne6 39. Rh2 Kg7 40. Kg2 Rh8) (38. fxe5 Ra5 39. Rd5 $5 Bxd5 40.
exd5 f6 41. Kg2 $14) 38... Ne6 39. fxe5 Ra5 40. Nf5 Rxe5 41. Ne7+ Kg7 42. Nxc6
dxc6 43. Bxa4 $14) 38. gxf4 Ne6 39. Rh2+ Kg8 $2 ({A fatal mistake in
timetrouble. After the forced} 39... Kg7 {and} 40. Nf5+ Kg8 41. fxg5 Nxg5 42.
Ne7+ Kg7 43. Nd5 f6 $14 {White would only be slightly better.}) 40. f5 {
There is no cure for the advance of the f-pawn to f6.} Nf4 (40... Nd4 {is
nicely refuted by} 41. f6 $3 Nf3 42. Re3 Nxh2 43. Kxh2 Ra5 44. e5 $18 {and
even with the extra exchange Black's position is hopeless.}) 41. f6 $1 $18 {
Again the coffin-nail!} Ra5 ({Or: I} 41... Ng6 42. Kg1 Ne5 (42... Nh4 43. Kf2
Ra5 44. Rg1 Ng6 45. Nf5 Re8 46. Rxg5) 43. Re3 (43. Kg2)) ({II} 41... Rfe8 42.
Nxe8 Rxe8 43. Kg1 Re5 44. Kf2 Ng6 45. Ke3) 42. Kg1 Ng6 (42... Re5 43. Nf5 Rfe8
44. Nh6+ Kf8 45. Ng4) 43. e5 $1 ({The deadly opening of the b1-h7 diagonal.
Also but slowly winning is} 43. Re3 Re5 (43... Nf4 44. e5 Rb8 45. Nf5) 44. Reh3
Nh4 (44... Re6 45. e5 Nh4 46. Nf5 Rxe5 47. Nxh4) 45. Rg3 Ng6 (45... Kh7 46. Nf5
) 46. Rh5 g4 47. Nf5 Rfe8 48. Rxg4) 43... Rxe5 ({I} 43... Bf3 44. Kf2 (44. Rh6
Nxe5 45. Bh7+ Kh8 46. Be4+ Kg8 47. Nf5) 44... g4 45. Bxg6 fxg6 46. Rh6) ({II} 
43... Nxe5 44. Bh7+ Kh8 45. Kf1 $1 {/\Be4+, Nf5} (45. Be4+ $2 {similar to the
game doesn't work here:} Kg8 46. Nf5 Nf3+ 47. Bxf3 Rxf5)) ({III} 43... Nh4 44.
Kf2 (44. Re3)) 44. Rxe5 Nxe5 45. Bh7+ Kh8 46. Be4+ $1 {Prevents the annoying
knight fork on f3 and prepares the return of the white knight to f5 with
double threat of Ne7# and - if necessary - Nh6+.} Kg8 47. Nf5 Ng6 (47... Re8
48. Ne7+ Rxe7 49. fxe7 $18) 48. Nh6+ Kh7 49. Nxf7+ Kg8 50. Nh6+ ({Gaining the
Ng6 for nothing which is certainly stronger than} 50. Bxg6 $6 Rxf7 51. Bxf7+
Kxf7 52. Rf2) 50... Kh7 51. Ng4+ (51. Ng4+ Kg8 52. Bxg6) 1-0

[Event "Rilton Cup 36th"]
[Site "Stockholm"]
[Date "2007.01.05"]
[Round "7"]
[White "Akesson, Ralf"]
[Black "Bindrich, Falko"]
[Result "1/2-1/2"]
[WhiteElo "2467"]
[BlackElo "2482"]
[Annotator "Bindrich,F"]
[PlyCount "85"]
[EventDate "2006.12.27"]
[EventType "swiss"]
[EventRounds "9"]
[EventCountry "SWE"]
[SourceTitle "CBM 116"]
[Source "ChessBase"]
[SourceDate "2007.02.01"]
[SourceVersion "1"]
[SourceVersionDate "2007.02.01"]
[SourceQuality "1"]

1. d4 Nf6 {Victory! This was the first thought I had that morning when I woke
up. I wanted to at any price to finish this tournamemt in a good way. After
this words you might understand some of my over-aggressive moves I played in
this interesting game.} 2. c4 e6 3. Nc3 Bb4 4. Qc2 c5 5. dxc5 O-O 6. a3 Bxc5 7.
Nf3 b6 8. Bg5 Bb7 9. e4 h6 10. Bh4 Be7 11. Be2 Nh5 12. Bxe7 Qxe7 13. O-O Nf4 {
This position is in my opinion simply bad for Black. Black wants to attack
with the knight on f4 and f7-f5 opening the long diagonal, but as analysis
shows, this is not enough.} 14. Rfe1 {A rare move} ({The main move is} 14. Rad1
f5 15. Rfe1 Qf6 {This was my idea in 2005... and just imagine, it was copied
in 2006!} (15... fxe4 16. Nxe4 d5 17. cxd5 Bxd5 18. Bf1 $14) (15... Na6 16.
exf5 Rxf5 17. Nd5 $1 $14 {1-0 Georgiev,K (2647)-Perunovic,M (2479)/Jahorina
2003/CBM 094 ext (30)}) 16. exf5 Qxf5 17. Qxf5 Rxf5 18. Nd4 Rc5 19. Bf3 $1 {
Grigore shows the refutation of my idea and gets an advantage.} (19. Bf1 Nh3+
20. gxh3 Rg5+ 21. Bg2 Rxg2+ 22. Kf1 Rxh2 23. Ncb5 Nc6 24. Nf3 Rxh3 25. Kg2 Rh5
26. Nd6 Rb8 27. b4 Ba8 28. Kg3 Rf8 29. Kg4 g6 30. Re3 Ne7 31. Ne4 Rhf5 32. Rxd7
Rf4+ 33. Kg3 Rxe4 {0-1 Lapcevic,M (2269)-Bindrich,F (2391)/Belfort 2005/CBM
107 ext}) 19... Bxf3 20. Nxf3 Rxc4 21. Ne5 Rc7 22. g3 Nh5 23. Nb5 Rc5 24. Nd6
Rc7 (24... Nf6 $14 {Is more stubborn.}) 25. Rc1 Na6 26. Rxc7 Nxc7 27. Rc1 Nd5
28. Nxd7 $16 {1/2-1/2 Grigore,G (2472)-Riff,J (2444)/St Chely d'Aubrac 2006/
CBM 113 ext (59)}) (14. Rfd1 {This move was played by Sargissian some years
ago.} f5 15. Bf1 Nc6 16. g3 Ng6 17. Bg2 Nce5 18. Nxe5 Nxe5 19. exf5 Bxg2 20.
Kxg2 Rxf5 21. Qe4 $14 {0-1 Sargissian,G (2520)-Zvjaginsev,V (2631)/Linares
2001/CBM 081/[Golod,V] (58)}) 14... f5 $6 {Maybe a bit too aggressive} (14...
Nc6 $5 15. Rad1 Rad8 16. Nb5 d6 $11 {and after taking on e2 and a7-a6 Black
might survive.}) (14... Nxe2+ $6 15. Rxe2 Nc6 16. Rd1 $14 {1/2-1/2 Damjanovic,
D (2273)-Munizaba,S (2319)/Zlatibor 2006/EXT 2007 (50)  White´s position is
really pleasent.}) 15. Bf1 Qf6 $6 (15... fxe4 16. Nxe4 Nc6 17. Rad1 $14 {
And as you can see everything is in White's favour: the structure, the
development and the placing of the pieces.}) 16. g3 Ng6 17. Bg2 f4 {A very
provoking move.} (17... Nc6 18. Rad1 $16) 18. e5 Qf7 19. Nb5 (19. Ng5 $2 hxg5
20. Bxb7 Nc6 21. Bxa8 Rxa8 $44 {And Black has good compensation for the
exchange.} 22. Ne4 Qf5 23. Qc3 Ncxe5 24. f3 g4 $40) (19. Nh4 $142 $1 Nxh4 (
19... Bxg2 20. Nxg6 $18) 20. Bxb7 fxg3 21. hxg3 Nf3+ 22. Bxf3 Qxf3 23. Rad1 $16
{With an overhelming advantage.}) 19... Bxf3 20. Nd6 Qe7 (20... Nh4 {Too crazy}
21. Nxf7 Nxg2 22. Nxh6+ $1 gxh6 23. Qg6+ Kh8 24. Qxh6+ Kg8 25. Qg6+ Kh8 26.
Red1 $5 $18) 21. Qxg6 (21. Bxf3 fxg3 22. Qxg6 (22. hxg3 Rxf3 23. Qxg6 Nc6 24.
Rad1 Raf8 $14 {is a better version of the game for Black.}) 22... Rxf3 23. hxg3
Nc6 24. Rad1 Raf8 $14 {is a better version of the game for black.}) 21... fxg3
22. hxg3 Nc6 23. Qd3 $1 Bxg2 24. Kxg2 Qg5 25. Qe4 {Good, but not the best.} (
25. Qe3 $1 {This is the move. After the exchange of the queens Black has no
counterplay and White will just move his pawns.} Qxe3 (25... Qg6 26. Qe4 Qg5
27. f4 Qg4 28. Rh1 Ne7 29. Rh4 Qg6 30. Qxg6 Nxg6 31. Rhh1 $16) 26. Rxe3 $16)
25... Ne7 {Now Black has a little counterplay on the kingside.} 26. Re3 Rad8
27. f4 Qg4 28. Rh1 Ng6 29. Rf3 h5 {The last moves were played in time trouble
and White has lost all his advantage.} 30. Kf2 (30. a4 $5 h4 31. Rh3 a5 32. b3
Ra8 33. Qe3 hxg3 34. Rfxg3 Nxf4+ 35. Kh1 Qe2 36. Rxg7+ Kxg7 37. Rg3+ $11 {
This is an interesting computer line that shows the the silicon friend
estimates the position as equal.}) 30... h4 31. Rg1 h3 32. Rh1 a6 (32... Rb8
33. Rh2 Rbd8 34. Rh1 $11 {A positional stalemate!}) 33. Rh2 b5 {Time trouble!}
34. c5 Ne7 35. Rd3 $1 Ng6 36. Qe2 Qg5 37. Ke1 (37. Rxh3 Nxe5 38. Ke1 Nxd3+ 39.
Qxd3 $18) 37... Rxf4 38. gxf4 Nxf4 39. Rdxh3 {Amazing! With one second left on
the clock my opponent took the pawn. I was shocked!} Nxh3 40. Rxh3 Rf8 {
After calming down I moved Rf8 and thought that I have good chances for a draw.
} 41. Rf3 {Played after 40 minutes of thinking! But exactly with this move
White loses the advantage!} (41. Qe3 $3 {The one and only!} Qg2 42. Qd3 $3 $18
Qg1+ 43. Kd2 Rf2+ 44. Kc3 Qc1+ 45. Kb4 Rxb2+ 46. Ka5 $18 {What a brave king!})
41... Rxf3 42. Qxf3 Qxe5+ 43. Kf1 {And here my oppoent wanted to quit this
terrible mistake - making called a chess game!} (43. Kf1 Qxc5 44. Qa8+ Kh7 45.
Qe4+ Kg8 46. Qf4 Qc2 47. Qd4 Qh2 $16) 1/2-1/2

[Event "Bugojno"]
[Site "Bugojno"]
[Date "1978.03.06"]
[Round "8"]
[White "Ivkov, Borislav"]
[Black "Spassky, Boris Vasilievich"]
[Result "1/2-1/2"]
[WhiteElo "2515"]
[BlackElo "2630"]
[Annotator "Bulletin"]
[PlyCount "28"]
[EventDate "1978.02.27"]
[EventType "tourn"]
[EventRounds "15"]
[EventCountry "YUG"]
[EventCategory "14"]
[SourceTitle "MCL"]
[Source "ChessBase"]
[SourceDate "1999.07.01"]
[SourceVersion "1"]
[SourceVersionDate "1999.07.01"]
[SourceQuality "1"]

1. d4 Nf6 2. c4 e6 3. Nc3 Bb4 4. Qc2 O-O 5. Nf3 c5 6. dxc5 Na6 7. e3 Nxc5 8.
Bd2 b6 9. Be2 Bb7 10. O-O Nce4 11. Nxe4 Bxe4 12. Bd3 Bxd3 13. Qxd3 Bxd2 14.
Qxd2 Rc8 (14... d5 15. cxd5 Qxd5 16. Qxd5 Nxd5 17. a3 Rfc8 18. Rfc1 {Remis.
Knecevic-Parma, YUG-ch 1978}) 1/2-1/2

[Event "Bugojno"]
[Site "Bugojno"]
[Date "1978.02.27"]
[Round "2"]
[White "Ivkov, Borislav"]
[Black "Karpov, Anatoly"]
[Result "1/2-1/2"]
[WhiteElo "2515"]
[BlackElo "2725"]
[Annotator "Bulletin"]
[PlyCount "105"]
[EventDate "1978.02.27"]
[EventType "tourn"]
[EventRounds "15"]
[EventCountry "YUG"]
[EventCategory "14"]
[SourceTitle "MCL"]
[Source "ChessBase"]
[SourceDate "1999.07.01"]
[SourceVersion "1"]
[SourceVersionDate "1999.07.01"]
[SourceQuality "1"]

1. d4 Nf6 2. c4 e6 3. Nc3 Bb4 4. Qc2 O-O 5. Nf3 c5 6. dxc5 Na6 7. e3 Nxc5 8.
Bd2 b6 9. Be2 Bb7 (9... Ba6 $1 10. a3 Bxc3 11. Bxc3 Rc8 12. O-O d5 13. Rad1
Nce4 14. Bb4 Bxc4 $1 15. Bxf8 Ba6 16. Qxe4 Bxe2) 10. O-O Qe7 (10... Nce4 11.
Nxe4 Bxe4 12. Bd3 Bxd3 13. Qxd3 Bxd2 14. Qxd2 Rc8 15. Rac1 d5 16. cxd5 Qxd5 17.
Qxd5 Nxd5 $10 {Knecevic-Smejkal, Leningrad 1977}) 11. a3 Bxc3 12. Bxc3 Rac8 13.
Rac1 Rfd8 14. b4 Nce4 15. Bd4 d6 (15... d5 $5) 16. Bd3 e5 $6 17. Bb2 Qe6 18.
Qe2 Qg4 $6 (18... h6) 19. h3 Qe6 20. Rfd1 Rd7 21. Nh2 $14 Rdc7 $6 (21... h6)
22. f3 Ng3 23. Qe1 Nf5 24. Bxf5 Qxf5 25. Rxd6 Ne8 26. e4 Qg5 (26... Qh5 27. Rd2
Rxc4 28. Rxc4 Rxc4 29. Rd8 f6 (29... Rc8 30. Rxc8 Bxc8 31. Qc3) 30. Qd1 $14)
27. Qd2 Qxd2 28. Rxd2 f6 29. Rdc2 Ba6 30. c5 bxc5 31. Rxc5 Rxc5 32. bxc5 Rc6
33. Ng4 Nc7 34. a4 $16 Bc8 35. Ne3 $2 Ne6 36. Nf5 $6 Kf8 37. Rd1 g6 38. Nd6 Bd7
39. Ba3 Ra6 40. a5 Nd4 (40... Rxa5 $2 41. Nc4) 41. Bb4 Ke7 42. Nc4 Ba4 43. Ra1
{*} Bb5 44. Ne3 Ke6 45. Kf2 f5 46. exf5+ gxf5 47. Rd1 Rc6 48. f4 Ba4 49. Ra1
exf4 50. Nxf5 Kxf5 51. Rxa4 Ne6 52. g4+ fxg3+ 53. Kxg3 1/2-1/2

[Event "BCF-ch 82nd"]
[Site "Swansea"]
[Date "1995.??.??"]
[Round "9"]
[White "Sadler, Matthew D"]
[Black "Arkell, Keith C"]
[Result "1-0"]
[WhiteElo "2575"]
[BlackElo "2505"]
[Annotator "Bulletin"]
[PlyCount "79"]
[EventDate "1995.08.??"]
[EventType "swiss"]
[EventRounds "11"]
[EventCountry "WLS"]
[SourceTitle "EXT 1997"]
[Source "ChessBase"]
[SourceDate "1996.11.15"]
[SourceVersion "1"]
[SourceVersionDate "1996.11.15"]
[SourceQuality "1"]

1. d4 Nf6 2. c4 e6 3. Nc3 Bb4 4. Qc2 c5 5. dxc5 O-O 6. a3 Bxc5 7. Nf3 Nc6 8.
Bf4 Nh5 9. Bd2 d5 10. O-O-O Bxf2 11. cxd5 exd5 12. Bg5 f6 13. Rxd5 Qe8 14. e4
fxg5 15. Qxf2 h6 (15... g4 16. Qh4 Nf6 17. Ng5 h6 18. Bc4) 16. Qc5 Be6 17. Rd6
Bf7 18. Bb5 Rc8 19. Kb1 a6 20. Bxc6 Rxc6 21. Rxc6 bxc6 22. Ne5 Nf6 23. Nxc6 Kh7
24. Ka1 Nxe4 $2 25. Nxe4 Qxe4 26. Qxf8 Qc4 27. Nb4 a5 28. Qa8 $1 {[#]} axb4 29.
axb4 Bd5 30. Qa5 Bxg2 31. Qf5+ Kh8 32. Rd1 Qc7 33. Qf8+ Kh7 34. Qf5+ Kh8 35. b5
Qa5+ 36. Kb1 Qa8 37. Rd4 Qa5 38. Qd3 Qe1+ 39. Ka2 Qe6+ (39... Qa5+ 40. Kb3) 40.
b3 {[#]} 1-0

[Event "Yerevan"]
[Site "Yerevan"]
[Date "1989.??.??"]
[Round "?"]
[White "Azmaiparashvili, Zurab"]
[Black "Anastasian, Ashot"]
[Result "1-0"]
[WhiteElo "2560"]
[BlackElo "2475"]
[Annotator "Bulletin"]
[PlyCount "47"]
[EventDate "1989.05.??"]
[EventType "tourn"]
[EventRounds "11"]
[EventCountry "URS"]
[EventCategory "12"]
[SourceTitle "CBM 014"]
[Source "ChessBase"]
[SourceDate "1990.02.01"]
[SourceVersion "1"]
[SourceVersionDate "1990.02.01"]
[SourceQuality "1"]

1. d4 Nf6 2. c4 e6 3. Nc3 Bb4 4. Qc2 c5 5. dxc5 Nc6 6. Nf3 O-O 7. Bg5 Qa5 8.
Bxf6 gxf6 9. e3 Bxc5 10. Bd3 Kg7 11. O-O Be7 12. a3 Ne5 13. Be2 a6 14. Nd4 d6
$2 (14... f5 $2 15. Nd5 Qd8 16. Qc3 $1) (14... Nc6 $5) 15. f4 Nc6 16. b4 Qb6
17. f5 $1 (17. Rad1 f5 $1) 17... Nxd4 18. exd4 Qxd4+ 19. Kh1 Bd7 20. Rad1 Qh4
21. Rd3 e5 22. Nd5 Bd8 23. Rh3 Qd4 24. Qc1 1-0

[Event "Porz op 27th"]
[Site "Cologne"]
[Date "1991.??.??"]
[Round "5"]
[White "Schoen, Wolfram"]
[Black "Budnikov, Alexandar"]
[Result "0-1"]
[WhiteElo "2390"]
[BlackElo "2440"]
[Annotator "Bulletin"]
[PlyCount "122"]
[EventDate "1991.??.??"]
[EventType "swiss"]
[EventRounds "9"]
[EventCountry "GER"]
[SourceTitle "EXT 1997"]
[Source "ChessBase"]
[SourceDate "1996.11.15"]
[SourceVersion "1"]
[SourceVersionDate "1996.11.15"]
[SourceQuality "1"]

1. d4 Nf6 2. c4 e6 3. Nc3 Bb4 4. Qc2 c5 5. dxc5 O-O 6. a3 Bxc5 7. Nf3 b6 8. Bg5
Bb7 9. e4 h6 10. Bh4 Be7 11. Be2 d6 12. O-O Nbd7 13. Rfd1 Qc7 14. Rac1 a6 15.
h3 Nc5 16. Nd2 Rad8 17. Bg3 Qb8 18. b4 Ncd7 19. Nf3 Rc8 20. Bd3 Rfd8 21. Qe2
Qa7 22. Qe3 Ba8 23. Bf1 Nf8 24. Re1 Ng6 25. Rcd1 Bf8 26. Bh2 Be7 27. Rd2 Qb7
28. Rdd1 Bf8 29. Rd2 Qc6 30. Nd4 Qc7 31. f4 b5 32. e5 dxe5 33. fxe5 Nd7 34. c5
Nxc5 35. bxc5 Qxc5 36. Nce2 Qxa3 37. Rd3 Qb4 38. Red1 Rd5 39. Kh1 Rcd8 40. Nc3
Rc5 41. Ne4 (41. Na2 $1 Qa4 (41... Qa5 $2 42. Nb3) (41... Qb2 $2 42. R3d2 $18)
42. Nc3 Qb4 43. Na2 $13) 41... Bxe4 42. Qxe4 Rcd5 43. Qe3 Qc5 44. Rc1 Qb6 45.
Nb3 Qxe3 46. Rxe3 Ba3 47. Ra1 Rd1 48. Re1 Rxe1 49. Rxe1 Bb4 50. Re4 Rd1 51. Kg1
a5 52. Kf2 Rb1 53. Rxb4 axb4 54. Nd2 Rd1 55. Ke3 Ne7 56. Bxb5 Nd5+ 57. Kd3 b3
58. Ba4 Rh1 59. Bg3 b2 60. Kc2 Rg1 61. Kxb2 Rxg2 0-1